000 00572nam a22002057a 4500
999 _c8656
_d8656
003 BD-JhCC
005 20180228194200.0
008 180228s1969 bg p|||| |||| 00| 0 ben d
035 _a(BD-JhCC)
040 _aBD-JhCC
_dBD-JhCC
041 _aben
082 _a621.888
_bAHM 1969
100 _aআহমেদ, রফি
245 _aটেলিভিশন /
_c রিফ আহমেদ
260 _aঢাকা :
_bবাংলা একাডেমী,
_cAHM 1969
300 _a109 P.
_bIll
_c22 cm
650 _aTelevision
942 _2ddc
_cBK